[Event "Foment Martinenc op-C 16th"]
[Site "Barcelona"]
[Date "2014.06.21"]
[Round "9"]
[White "Tordera Jumilla, Joaquim"]
[Black "Gil Reyes, Aitor"]
[Result "0-1"]
[WhiteElo "1700"]
[BlackElo "1704"]
[PlyCount "70"]
[EventDate "2014.04.26"]
[EventType "swiss"]
[EventRounds "9"]
[EventCountry "ESP"]
[SourceTitle "EXT 2015"]
[Source "ChessBase"]
[SourceDate "2014.11.20"]
[SourceVersion "1"]
[SourceVersionDate "2014.11.20"]
[SourceQuality "1"]

1. e4 e5 2. Nf3 Nc6 3. d4 exd4 4. Nxd4 Nge7 5. Bb5 a6 6. Nxc6 bxc6 7. Bg5 cxb5 8. Bxe7 Bxe7 9. a3 Bb7 10. Nc3 0-0 11. 0-0 b4 12. axb4 Bxb4 13. Qf3 Bxc3 14. bxc3 Re8 15. Rfe1 Qf6 16. Qxf6 gxf6 17. Ra4 d5 18. f3 dxe4 19. Rb4 Rab8 20. Rc4 exf3 21. Rxe8+ Rxe8 22. Rg4+ Kf8 23. gxf3 Bxf3 24. Rg3 Re3 25. Rh3 Kg8 26. Kf2 Rxc3 27. Rxf3 Rxc2+ 28. Kg3 Kg7 29. Ra3 Rc6 30. Kg4 Kg6 31. Rf3 a5 32. h4 h6 33. Rf5 Rc4+ 34. Rf4 Rxf4+ 35. Kxf4 a4 0-1

[Event "Foment Martinenc op-C 16th"]
[Site "Barcelona"]
[Date "2014.05.31"]
[Round "6"]
[White "Gil Reyes, Aitor"]
[Black "Labad Ameneda, Ricard"]
[Result "0-1"]
[WhiteElo "1704"]
[BlackElo "1700"]
[PlyCount "58"]
[EventDate "2014.04.26"]
[EventType "swiss"]
[EventRounds "9"]
[EventCountry "ESP"]
[SourceTitle "EXT 2015"]
[Source "ChessBase"]
[SourceDate "2014.11.20"]
[SourceVersion "1"]
[SourceVersionDate "2014.11.20"]
[SourceQuality "1"]

1. e4 c5 2. Nf3 Nc6 3. d4 cxd4 4. Nxd4 g6 5. c3 Bg7 6. Be3 Nf6 7. Nd2 0-0 8. Be2 d6 9. 0-0 Bd7 10. f4 e5 11. Nxc6 Bxc6 12. Bf3 exf4 13. Bxf4 Qb6+ 14. Kh1 Qxb2 15. Bxd6 Rfd8 16. e5 Bxf3 17. Rxf3 Ng4 18. Nc4 Nf2+ 19. Rxf2 Qxf2 20. Qd5 Rd7 21. e6 fxe6 22. Qxe6+ Qf7 23. Qe2 Rc8 24. Ne5 Bxe5 25. Bxe5 Re8 26. Rf1 Qe6 27. Qb5 Qa6 28. Qb3+ Qe6 29. Qb5 a6 0-1

[Event "Foment Martinenc op-B 15th"]
[Site "Barcelona"]
[Date "2013.04.27"]
[Round "2"]
[White "Gil Reyes, Aitor"]
[Black "Perez Garcia, Adria"]
[Result "0-1"]
[WhiteElo "1700"]
[BlackElo "1588"]
[PlyCount "98"]
[EventDate "2013.04.20"]
[EventType "swiss"]
[EventRounds "9"]
[EventCountry "ESP"]
[SourceTitle "CBM 154 Extra"]
[Source "ChessBase"]
[SourceDate "2013.06.25"]
[SourceVersion "2"]
[SourceVersionDate "2013.06.25"]
[SourceQuality "1"]

1. d4 d5 2. Nc3 Nf6 3. Nf3 e6 4. Bf4 c5 5. e3 Nc6 6. Bb5 cxd4 7. Nxd4 Bd7 8. a3 Be7 9. Nf3 0-0 10. 0-0 a6 11. Bd3 Rc8 12. Ng5 e5 13. Bg3 e4 14. Be2 h6 15. Nxd5 hxg5 16. Nxf6+ Bxf6 17. Bd6 Be7 18. Bxe7 Qxe7 19. f3 Rcd8 20. c3 exf3 21. Bxf3 Qxe3+ 22. Kh1 Bg4 23. Qe1 Qxe1 24. Raxe1 Bxf3 25. gxf3 Rfe8 26. Rxe8+ Rxe8 27. c4 Re2 28. b4 Ra2 29. b5 Ne5 30. bxa6 bxa6 31. c5 Rc2 32. f4 gxf4 33. Rxf4 Rxc5 34. Kg2 Rc2+ 35. Kg3 Rc3+ 36. Kh4 Rxa3 37. Re4 f6 38. Kh5 Rh3+ 39. Rh4 Rxh4+ 40. Kxh4 a5 41. Kg3 a4 42. h4 a3 43. h5 a2 44. h6 a1Q 45. hxg7 Qd4 46. Kg2 Qe3 47. Kf1 Qd2 48. Kg1 Ng4 49. Kh1 Qh2# 0-1

[Event "Foment Martinenc op-B 15th"]
[Site "Barcelona"]
[Date "2013.04.20"]
[Round "1"]
[White "Martinez Torre, Alejandro"]
[Black "Gil Reyes, Aitor"]
[Result "1/2-1/2"]
[WhiteElo "1817"]
[BlackElo "1700"]
[PlyCount "98"]
[EventDate "2013.04.20"]
[EventType "swiss"]
[EventRounds "9"]
[EventCountry "ESP"]
[SourceTitle "CBM 154 Extra"]
[Source "ChessBase"]
[SourceDate "2013.06.25"]
[SourceVersion "2"]
[SourceVersionDate "2013.06.25"]
[SourceQuality "1"]

1. c4 e5 2. g3 Nf6 3. Nc3 Bc5 4. Bg2 c6 5. e3 d6 6. Nge2 Be6 7. b3 Nbd7 8. a3 Qa5 9. b4 Bxb4 10. Bb2 Bc5 11. d4 exd4 12. exd4 Bb6 13. Qb3 d5 14. c5 Bc7 15. 0-0 0-0 16. Rfe1 Rfe8 17. Rab1 Bf5 18. Rbc1 Ne4 19. Nxe4 Bxe4 20. Bc3 Qa6 21. Bf1 Bd3 22. Qb2 Nf6 23. Nf4 Bxf4 24. Rxe8+ Rxe8 25. gxf4 Bxf1 26. Rxf1 Re2 27. Qa1 Ne4 28. f3 Nd2 29. Bxd2 Rxd2 30. Qe1 Re2 31. Qb1 g6 32. Re1 Rxe1+ 33. Qxe1 Qxa3 34. Qe8+ Kg7 35. Qe5+ f6 36. Qe7+ Kh6 37. Qxf6 Qe3+ 38. Kg2 Qe2+ 39. Kg3 Qe1+ 40. Kg2 Qe8 41. Kf2 a5 42. Qd6 a4 43. Qc7 Qa8 44. Qe5 Qd8 45. Qe3 Qh4+ 46. Kg2 g5 47. Qe6+ Kh5 48. Qf7+ Kh6 49. Qf6+ Kh5 1/2-1/2